000 00529nam a22001937a 4500
003 KOHA_MİRAKIL
005 20251224172827.0
008 251224b tu ||||| |||| 00| 0 tur d
020 _a9757641332
040 _aTR-AnABB
_btur
_cTR-AnABB
041 _atur
082 _a956.7
_bTUL 2000
100 1 _aTulay, A. Semih,
245 1 0 _aCommagene /
_cA. Semih Tulay
260 _aİstanbul :
_bTrunig ve Otomobilciler Fedarasyonu
_c2000
300 _a71 sayfa ;
_c74 cm
650 0 4 _aAnadolu Tarihi
942 _2ddc
_cBK
999 _c9987
_d9987
900 _bGizem YORULMAZ